ბათუმის შოთა რუსთაველის სახელმწიფო უნივერსიტეტის ბიბლიოთეკა

სოციალისტური წარმოების მართვა : (ბიბ.ჩანაწერი № 63782)

000 -ლიდერი
ფიქსირებული სიგრძის საკონტროლო ველი 01138nam a22002057a 4500
003 - საკონტროლო ნომრის იდენტიფიკატორი
საკონტროლო ველი Ge_BSU
005 - ბოლო ოპერაციის თარიღი და დრო
საკონტროლო ველი 20260113164825.0
008 - ფიქსირებული სიგრძის მონაცემთა ელემენტები - ზოგადი ინფორმაცია
ფიქსირებული სიგრძის საკონტროლო ველი 260113s1975 ge ||||| |||| 00| 0 geo d
041 ## - ენის კოდი
Language code of text/sound track or separate title geo
080 ## - უნივერსალური ათობითი კლასიფიკაციის ინდექსი
Universal Decimal Classification number 338.24(47+57) 005.93 ს-74
245 ## - ცნობა სათაურის შესახებ
Title სოციალისტური წარმოების მართვა :
Remainder of title თეორიისა და პრაქტიკის საკითხები /
Statement of responsibility, etc [რედ. კოლეგია: ვ. აფანასევი, ჯ. გვიშიანი, გ. პოპოვი].
264 ## - წარმოების, გამოცემის, დისტრიბუციის და სხვა ცნობები
გამოცემის, წარმოების, დისტრიბუციის... ადგილი თბ. :
გამოცემის, წარმოების, დისტრიბუციის... სახელწოდება საბჭ. საქართველო,
გამოცემის, წარმოების, დისტრიბუციის... თარიღი 1975.
300 ## - ფიზიკური აღწერა
Extent 786 გვ. ;
Other physical details 22 სმ.
490 ## - სერიის ცნობა
Series statement ეკონომიური განათლ. სისტემა
653 ## - INDEX TERM--UNCONTROLLED
Uncontrolled term სოციალისტური წარმოების მართვა
700 ## - ADDED ENTRY--PERSONAL NAME
Personal name აფანასევი, ვ.
Relator term რედაქტორი
9 (RLIN) 26659
700 ## - ADDED ENTRY--PERSONAL NAME
Personal name გვიშიანი, ჯ.
Relator term რედაქტორი.
9 (RLIN) 26660
700 ## - ADDED ENTRY--PERSONAL NAME
Personal name პოპოვი, გ.
Relator term რედაქტორი
9 (RLIN) 26661
942 ## - ADDED ENTRY ELEMENTS (KOHA)
Source of classification or shelving scheme
Koha item type წიგნი
ეგზემპლარები
ჩამოწერის სტატუსი დაკარგული ეგზემპლარის სტატუსი კლასიფიკაციის წყარო ან თაროზე გაწყობის სქემა დაზიანების სტატუსი არ გაიცემა მუდმივი მდებარეობა (დაცვის ადგილი) ამჟამინდელი ადგილსამყოფელი თაროზე განთავსების ადგილი შეძენის თარიღი ღირებულება, შესყიდვის ნორმალური ფასი სრული შენახვის შიფრი შტრიხკოდი ბოლო ოპერაციის თარიღი ეგზემპლარის მიმდევრობითი ნომერი (კეტერი?) ფასის ძალაში შესვლის თარიღი ეგზემპლარის სახეობა საჯარო შენიშვნა
          ბათუმის შოთა რუსთაველის სახელმწიფო უნივერსიტეტის მთავარი ბიბლიოთეკა ბათუმის შოთა რუსთაველის სახელმწიფო უნივერსიტეტის მთავარი ბიბლიოთეკა წიგნსაცავი 2026-01-13 6.34 338.24(47+57) 005.93 ს-74 73377 2026-01-13 73377 2026-01-13 წიგნი 6 ლ. 34 თ.